[Event "Andalucia-ch U14"]
[Site "Huelva"]
[Date "2014.04.25"]
[Round "1.5"]
[White "Cabrera Valverde, Cristina"]
[Black "Barruz Ramirez, Antonio"]
[Result "1-0"]
[WhiteElo "1685"]
[BlackElo "1295"]
[PlyCount "55"]
[EventDate "2014.04.25"]
[EventType "swiss"]
[EventRounds "9"]
[EventCountry "ESP"]
[SourceTitle "EXT 2024"]
[Source "ChessBase"]
[SourceDate "2023.10.10"]
[SourceVersion "1"]
[SourceVersionDate "2023.10.10"]
[SourceQuality "1"]

1. e4 e5 2. Nf3 Nc6 3. Bc4 Bc5 4. c3 d6 5. d4 exd4 6. cxd4 Bb6 7. h3 Nf6 8. Nc3 0-0 9. 0-0 Re8 10. Bg5 h6 11. Bxf6 Qxf6 12. Bb5 Qg6 13. Kh2 a6 14. Ba4 Re7 15. Nd5 Re8 16. Nxb6 cxb6 17. Bc2 Nb4 18. Bb1 Bd7 19. a3 Nc6 20. Rg1 Qf6 21. Bc2 Na5 22. b3 Rac8 23. Rc1 Rxc2 24. Qxc2 Qf4+ 25. Kh1 Rc8 26. Qd2 Qxd2 27. Rxc8+ Bxc8 28. Nxd2 1-0